=LDR 00000nam 2200000 4500 =001 INLIS000000000002458 =005 20130612090807 =008 ***********************************Ind** =035 ##$$0010-061300000002458 =041 ##$$a Ind =082 ##$$a 616.07 =090 ##$$a 616.07, Atm c =100 ##$$a Atmojo, Andoko Prawiro =245 ##$$a Catatan kuliah patologi umum(dasar-dasar ilmu penyakit), Andoko Prawiro Atmojo =260 ##$$a 1992 $b Jakarta =300 ##$$a x,131 hlm, ilus, 21 cm =650 ##$$a Patologi =850 ##$$a NBPNMAT